Analysis of leaf development (Record no. 24570)
[ view plain ]
| 000 -LEADER | |
|---|---|
| fixed length control field | 00415nam a2200133Ia 4500 |
| 082 ## - DEWEY DECIMAL CLASSIFICATION NUMBER | |
| Classification number | 581.45:581.14 |
| Item number | MAK |
| 100 ## - MAIN ENTRY--AUTHOR NAME | |
| Personal name | Maksymowych, Roman |
| 245 #0 - TITLE STATEMENT | |
| Title | Analysis of leaf development |
| 260 ## - PUBLICATION, DISTRIBUTION, ETC. (IMPRINT) | |
| Place of publication | Cambridge |
| Name of publisher | Cambridge University |
| Year of publication | 1973 |
| 490 ## - SERIES STATEMENT | |
| Series statement | Developmental and cell biology series. Ed by M Abercrombis and others |
| 650 ## - SUBJECT ADDED ENTRY--TOPICAL TERM | |
| Topical Term | Leaf development |
| 942 ## - ADDED ENTRY ELEMENTS (KOHA) | |
| Koha item type | Books |
| Withdrawn status | Lost status | Damaged status | Not for loan | Home library | Current library | Date acquired | Full call number | Accession Number | Koha item type |
|---|---|---|---|---|---|---|---|---|---|
| RRII Library | RRII Library | 16/12/2021 | 581.45:581.14 MAK | 05249 | Books |